000 00217nam a2200097Ia 4500
008 240331s9999 xx 000 0 und d
082 _bTHO
100 _aThompson, F, H
245 0 _aJude the obscure :
_bnotes
942 _cL
999 _c3206
_d3206